Respiration and crop productivity / (Record no. 15069)

000 -LEADER
fixed length control field 00440pam a2200169 a 4500
020 ## - INTERNATIONAL STANDARD BOOK NUMBER
ISBN 0387969381 (alk. paper)
040 ## - CATALOGING SOURCE
Transcribing agency DLC
082 00 - DEWEY DECIMAL CLASSIFICATION NUMBER
Classification number 581 SPI 1989 A062 Or.
100 1# - MAIN ENTRY--AUTHOR NAME
Personal name Amthor, Jeffrey S.
245 10 - TITLE STATEMENT
Title Respiration and crop productivity /
260 ## - PUBLICATION, DISTRIBUTION, ETC. (IMPRINT)
Place of publication New York :
Name of publisher Spinger-Verlag,
Year of publication c1989.
300 ## - PHYSICAL DESCRIPTION
Number of Pages xiv, 215 p. :
Other physical details ill. ;
Dimensions 25 cm.
500 ## - GENERAL NOTE
General note Includes index.
650 #0 - SUBJECT ADDED ENTRY--TOPICAL TERM
Topical Term Crops
650 #0 - SUBJECT ADDED ENTRY--TOPICAL TERM
Topical Term Crop yields.
942 ## - ADDED ENTRY ELEMENTS (KOHA)
Koha item type សៀវភៅភាសាអង់គ្លេស
952 ## - LOCATION AND ITEM INFORMATION (KOHA)
Withdrawn status [LOCAL, KOHA] 0
Holdings
Permanent Location Date acquired Koha item type Lost status Shelving location Barcode Current Location Full call number
Library Block A2017-11-02សៀវភៅភាសាអង់គ្លេស A062A22307Library Block A581 SPI 1989 A062 Or.
មជ្ឈមណ្ឌលឯការនៃសាកលវិទ្យាល័យភូមិន្ទកសិកម្មចំការដូង

Powered by Koha